Effective Computation in Physics /
Uloženo v:
| Hlavní autor: | |
|---|---|
| Další autoři: | |
| Médium: | Kniha |
| Jazyk: | angličtina |
| Vydáno: |
Sebastopol, EUA :
O'Reilly,
2015, c2015
Birmingham, EUA : EBSCOhost [distribución], 2015 |
| Témata: | |
| On-line přístup: | Ver documento en línea |
| Tagy: |
Žádné tagy, Buďte první, kdo vytvoří štítek k tomuto záznamu!
|
MARC
| LEADER | 00000nam^a2200000^a^4500 | ||
|---|---|---|---|
| 001 | 000381717 | ||
| 005 | 20251023000000.0 | ||
| 009 | 20260310120704.712 | ||
| 020 | |a 978-1-491-90159-5 | ||
| 037 | |a Acervo ITESO - Biblioteca | ||
| 041 | |a ING | ||
| 082 | |a 530. 0285 |b SCO | ||
| 100 | |a Scopatz, Anthony |e (autor) | ||
| 245 | 1 | 0 | |a Effective Computation in Physics / |c A. Scopatz, K.D. Huff ; pról. de Gregory V. Wilson. |
| 246 | 2 | |a Título en la cubierta: Effective Computation in Physics: Field Guide to Research with Python | |
| 264 | 4 | |a Sebastopol, EUA : |b O'Reilly, |c 2015, c2015 | |
| 264 | 4 | |a Birmingham, EUA : |b EBSCOhost [distribución], |c 2015 | |
| 300 | |a 1 libro electrónico en línea (XXVII, 520 p.) | ||
| 300 | |a 1 recurso en línea | ||
| 336 | |a datos para computadora |b cod |2 rdacontenido | ||
| 337 | |a computadora |b c |2 rdamedio | ||
| 338 | |a recurso en línea |b cr |2 rdasoporte | ||
| 506 | 1 | |a 1 licencia | |
| 521 | |a Peticiones 2016 Juan Diego Sánchez Torres | ||
| 649 | |a XX | ||
| 650 | |a Modelos Matemáticos | ||
| 650 | |a Análisis de Datos | ||
| 650 | |a Proceso de Datos | ||
| 650 | |a Física Computacional - |x Tema Principal | ||
| 650 | |a Computación Paralela | ||
| 650 | |a Lenguajes de Programación - |x Tema Principal | ||
| 650 | |a Programación Orientada a Objetos | ||
| 650 | |a Programación (Software) | ||
| 650 | |a Desarrollo de Sistemas | ||
| 650 | |a Sistemas Computacionales | ||
| 650 | |a Física | ||
| 700 | |a Huff, Kathryn D. |e (autor) | ||
| 856 | 4 | 0 | |u https://ezproxy.iteso.mx/login?url=https://search.ebscohost.com/login.aspx?direct=true&scope=site&db=nlebk&db=nlabk&AN=1020266 |y Ver documento en línea |
| 910 | |a Fondo General | ||
| 920 | |a Electrónicos - Libros en Línea | ||
| 930 | |a Plataforma Digital | ||
| 905 | |a 205 | ||
| 901 | |a 381717 |b IT2 |c EBO |i C1071 |u 20250521 | ||
| 902 | |a https://opac.biblio.iteso.mx/vufind/Record/000381717 | ||